000 00483cam a2200193ua 4500
001 7393
008 141209n ii |||gr||||Z||||||ben
040 _cMAIN
041 _aben
082 _a891.44
100 _aAcharjya, B.K.,
_eAuthor.
245 1 _aMadhya sahitya chayan
_cBy B.K. Acharjya
250 _a4th rev.
260 _aGuwagati:
_bOriental,
_c1966.
300 _a138p.
653 _aEast Indo-European & Celtic literatures
653 _aBengali literature
942 _cBK
999 _c6516
_d6516